000 00874nam a2200301Ia 4500
001 88738
003 IT-RoPAU
008 130308s9999 xx 000 0 und d
040 _aIT-RoPAU
040 _cIT-RoPAU
041 _aFRANCESE
100 _aBaratin Marc
100 _gCodice Aut. SPICS: 21881
245 _aDifficultes de l'analyse syntaxique (Les)
245 _bHistoire des idees Linguistiques-1-La Naissance des Metalangages En Orient et En Occident
250 _a1a ed.
260 _aBRUXELLES
260 _bMardaga Pierre
260 _c1989 [1° Ed.:1989 - Ed.Ling.Originale:1989]
300 _a"15 p. (prefazione: no ; testo: 15 [pagine: 228-242])"
500 _aDifficoltà dell'Analisi Sintattica
650 _aSAGGI DI LINGUISTICA
650 _eCodice materia Spics: 3207
942 _cBK
957 _71
999 _c39859
_d39859
999 _bSI
999 _g1